The Wire: Premiere episode death list - Statistics

General Stats
  • This quiz has been taken 571 times
  • The average score is 5 of 11
Answer Stats
Hint Answer % Correct
Gunshot Stringer Bell
91%
Strangulation D'Angelo Barksdale
87%
Gunshot Bodie Broadus
73%
Gunshot Wallace
73%
OD Johnny Weeks
48%
Gunshot Stinkum
38%
Gunshot Savino
24%
Gunshot Orlando
23%
Gunshot William Gant
18%
Cancer Raymond Foerster
14%
Gunshot Nakeisha Lyles
8%
No matching quizzes found
Score Distribution
Percent of People with Each Score
Percentile by Number Answered
Your Score History
You have not taken this quiz